<?xml version="1.0" encoding="UTF-8"?>
<record
    xmlns:xsi="http://www.w3.org/2001/XMLSchema-instance"
    xsi:schemaLocation="http://www.loc.gov/MARC21/slim http://www.loc.gov/standards/marcxml/schema/MARC21slim.xsd"
    xmlns="http://www.loc.gov/MARC21/slim">

  <leader>00909nam a22002057a 4500</leader>
  <controlfield tag="003">IT-MiCISF</controlfield>
  <controlfield tag="005">20210118164548.0</controlfield>
  <controlfield tag="008">210118b           ||||| |||| 00| 0 eng d</controlfield>
  <datafield tag="040" ind1=" " ind2=" ">
    <subfield code="c">IT-MiCISF</subfield>
  </datafield>
  <datafield tag="041" ind1=" " ind2=" ">
    <subfield code="a">it</subfield>
  </datafield>
  <datafield tag="100" ind1=" " ind2=" ">
    <subfield code="a">Pontificio Istituto Teologico "Giovanni Paolo II per le scienze del matrimonio e della famiglia"</subfield>
    <subfield code="9">58761</subfield>
  </datafield>
  <datafield tag="245" ind1=" " ind2=" ">
    <subfield code="a">L'amore che riapre la storia</subfield>
    <subfield code="b">Teologia e antropologia della famiglia nell'orizzonte del Magistero di Papa Francesco</subfield>
  </datafield>
  <datafield tag="260" ind1=" " ind2=" ">
    <subfield code="a">Roma</subfield>
    <subfield code="b">Avvenire</subfield>
    <subfield code="c">2020</subfield>
  </datafield>
  <datafield tag="300" ind1=" " ind2=" ">
    <subfield code="a">p. 55</subfield>
  </datafield>
  <datafield tag="500" ind1=" " ind2=" ">
    <subfield code="a">famiglia, teologia, antropologia, donna, paternti&#xE0;, spiritualit&#xE0;-familiare</subfield>
  </datafield>
  <datafield tag="650" ind1=" " ind2=" ">
    <subfield code="a">pastorale-familiare</subfield>
    <subfield code="9">56039</subfield>
  </datafield>
  <datafield tag="654" ind1=" " ind2=" ">
    <subfield code="a">documento</subfield>
  </datafield>
  <datafield tag="700" ind1=" " ind2=" ">
    <subfield code="a">Paglia V.</subfield>
    <subfield code="a">Sequeri P.</subfield>
    <subfield code="a">Guenzi P.D.</subfield>
    <subfield code="a">Ciucci A.</subfield>
    <subfield code="a">Quinzi G.</subfield>
    <subfield code="a">Chiodi M.</subfield>
    <subfield code="a">Grazioli O.R.</subfield>
    <subfield code="a">Rosito V.</subfield>
    <subfield code="a">Rizzoli M.</subfield>
    <subfield code="a">Diriart A.</subfield>
    <subfield code="a">Salmeri G.</subfield>
    <subfield code="a">Donatello V.</subfield>
    <subfield code="a">Marengo G.</subfield>
    <subfield code="a">Prandini R.</subfield>
    <subfield code="a">Valentini N.</subfield>
    <subfield code="9">58762</subfield>
  </datafield>
  <datafield tag="942" ind1=" " ind2=" ">
    <subfield code="2">ddc</subfield>
    <subfield code="c">DD</subfield>
  </datafield>
  <datafield tag="999" ind1=" " ind2=" ">
    <subfield code="c">359142</subfield>
    <subfield code="d">359142</subfield>
  </datafield>
  <datafield tag="952" ind1=" " ind2=" ">
    <subfield code="0">0</subfield>
    <subfield code="1">0</subfield>
    <subfield code="2">ddc</subfield>
    <subfield code="4">0</subfield>
    <subfield code="6">DP_5_250000000000000</subfield>
    <subfield code="7">1</subfield>
    <subfield code="a">CISF</subfield>
    <subfield code="b">CISF</subfield>
    <subfield code="d">2021-01-18</subfield>
    <subfield code="l">0</subfield>
    <subfield code="o">dp5/25</subfield>
    <subfield code="r">2021-01-18 00:00:00</subfield>
    <subfield code="w">2021-01-18</subfield>
    <subfield code="y">DD</subfield>
  </datafield>
</record>
